Theatre complet de J. Racine
Saved in:
| Main Author: | |
|---|---|
| Format: | Book |
| Language: | French |
| Published: |
Paris :
Ernest Flammarion, Editeur,
[192-].
|
| Subjects: | |
| Tags: |
Add Tag
No Tags, Be the first to tag this record!
|
MARC
| LEADER | 00000nam a2200000 a 4500 | ||
|---|---|---|---|
| 001 | 1/126323 | ||
| 008 | 230310q192u####fr | ||| |||| ||fre|| | ||
| 040 | |a GR-MyUa |b gre |c GR-MyUa |e AACR2 | ||
| 041 | 0 | |a fre | |
| 082 | 7 | |a 842 |2 (23) | |
| 100 | 1 | |a Racine, Jean, |d 1639-1699. | |
| 245 | 1 | 0 | |a Theatre complet de J. Racine / |c J. Racin. |
| 260 | |a Paris : |b Ernest Flammarion, Editeur, |c [192-]. | ||
| 300 | |a τ.1 (387 σ.) ; |c 19 εκ. | ||
| 500 | |a Το βιβλίο είναι από την προσωπική συλλογή των Μιχαήλ και Πέπας Αποστόλου, καθηγητή Γαλλικής γλώσσας της Εμπορικής Σχολής και δασκάλας της Προφυριάδας Σχολής αντίστοιχα. | ||
| 600 | 1 | 0 | |a Racine, Jean, |d 1639-1699. |
| 650 | 0 | |a French drama. | |
| 970 | |a Γουβάλα |b Βάσω |z 10-03-2023 | ||